| 000 | 00658nam a22002057a 4500 | ||
|---|---|---|---|
| 003 | NUST-PNEC | ||
| 005 | 20170116180707.0 | ||
| 008 | 140929b xxu||||| |||| 00| 0 eng d | ||
| 020 | _a0070209758 | ||
| 040 | _cPNEC | ||
| 082 | _a621.302 FIN | ||
| 100 |
_9407 _aFink Donald G. |
||
| 245 |
_aStandard Handbook for Electrical Engineers _cDonald G. Fink |
||
| 250 | _a12th ed. | ||
| 260 |
_aSingapore _bMcGraw Hill _cc.1987 |
||
| 300 |
_axvi _bill: _c23 cm. |
||
| 500 | _ahttp://www.amazon.com/Standard-Handbook-Electrical-Engineers-Donald/dp/0070209758/ref=sr_1_1?s=books&ie=UTF8&qid=1411970037&sr=1-1&keywords=0070209758 | ||
| 650 | _xEE | ||
| 942 |
_2ddc _cBK |
||
| 999 |
_c60796 _d60796 |
||